| 000 | 01165nam a22002897a 4500 | ||
|---|---|---|---|
| 999 |
_c104692 _d104692 |
||
| 005 | 20230302175051.0 | ||
| 010 | _aENG-136315 ENG-116588-116592 | ||
| 020 |
_a9789351436621(complete Set) _c1050.00 (Set Price) |
||
| 020 |
_a9789351436874 _c1050.00 (Set Price) |
||
| 020 |
_a9789351436881 _c1050.00 (Set Price) |
||
| 020 |
_a9789351436898 _c (Set Price) 1050.00 |
||
| 020 |
_a9789351436867 _c1050.00 (Set Price) |
||
| 020 |
_a9789351436850 _c1050.00 (Set Price) |
||
| 035 | _aEN-100120-124 EN-119847 | ||
| 037 | _bDBAD/PUB | ||
| 082 | _a000 | ||
| 100 | _aDeepu Krishna | ||
| 245 |
_aCLAT study kit / _cby Deepu Krishna [and] Remya Krishna |
||
| 250 | _a3rd ed | ||
| 260 |
_aGurgaon _bLexisNexis _c2016 |
||
| 270 |
_a14th Floor, Building No.10, Tower-B, DLF Cyber City, Phase-II _bGurgaon _e122002 |
||
| 300 |
_a5 Books (xiv,286p. ; xiv,290p. ; xiv,334p. ; xiv,295p. xiv,212p.) _c24cm(pbk) |
||
| 490 | _aCATAPULT test prep series | ||
| 505 | _aBook -1-Legal awareness and general knowledge,book-2-Mathematics,book-3-English,book-4-Logical reasoning,book-5-Legal reasoning | ||
| 700 | _aRemya Krishna | ||
| 942 |
_2ddc _cEN _mDEE _h000 |
||